00520nam a2200181 a 4500001001300000003000900013005001700022008004100039020001000080082002100090100002000111245005200131260004700183500003500230505002400265650002900289700002000318nice12345678IN_TiNIC20260116012839.0050524s1900 naga grp 000 0 eng  ac10000a320.5509176bAUG aAugustine, Jons aReligious Fundamentalismb an Asian Perspective aNagpurbNational Council of Churchesc1900 aincludes index and biblioraphy2 aBibliography, Index aReligious Fundamentalism1 aAugustine, Jons